[Event "ISR-chT"]
[Site "Israel"]
[Date "2020.02.15"]
[Round "8.4"]
[White "Iliaguev, Nisim"]
[Black "Kantarji, Pinchas"]
[Result "1-0"]
[WhiteElo "2289"]
[BlackElo "2440"]
[PlyCount "57"]
[EventDate "2020.01.10"]
[EventType "team-tourn"]
[EventRounds "11"]
[EventCountry "ISR"]
[SourceTitle "CBM 194 Extra"]
[Source "ChessBase"]
[SourceDate "2020.03.31"]
[SourceVersion "1"]
[SourceVersionDate "2020.03.31"]
[SourceQuality "1"]
[WhiteTeam "Beer Sheva K"]
[BlackTeam "Petah Tikva Elitzur Dov"]
[WhiteTeamCountry "ISR"]
[BlackTeamCountry "ISR"]

1. d4 d5 2. Bf4 Nf6 3. Nf3 e6 4. e3 a6 5. Nbd2 c5 6. c3 Nc6 7. Bd3 Bd6 8. Bg3 0-0 9. Ne5 Qc7 10. f4 b5 11. Bh4 Be7 12. 0-0 Bb7 13. Qf3 cxd4 14. cxd4 Nb4 15. Rac1 Qd8 16. Bxf6 Bxf6 17. Bb1 Rc8 18. Nb3 a5 19. Nc5 Rc7 20. Qe2 Qe8 21. Nb3 Rxc1 22. Rxc1 a4 23. Nc5 Bc8 24. a3 Na6 25. Bd3 Nc7 26. Nxa4 bxa4 27. Rxc7 Qd8 28. Qh5 g6 29. Nxg6 1-0

[Event "ISR-chT"]
[Site "Israel"]
[Date "2020.01.10"]
[Round "1.6"]
[White "Huzman, Alexander"]
[Black "Kantarji, Pinchas"]
[Result "1/2-1/2"]
[WhiteElo "2567"]
[BlackElo "2440"]
[PlyCount "125"]
[EventDate "2020.01.10"]
[EventType "team-tourn"]
[EventRounds "11"]
[EventCountry "ISR"]
[SourceTitle "CBM 194 Extra"]
[Source "ChessBase"]
[SourceDate "2020.03.31"]
[SourceVersion "1"]
[SourceVersionDate "2020.03.31"]
[SourceQuality "1"]
[WhiteTeam "Beer Sheva Eliyahu Levant"]
[BlackTeam "Petah Tikva Elitzur Dov"]
[WhiteTeamCountry "ISR"]
[BlackTeamCountry "ISR"]

1. d4 Nf6 2. c4 e6 3. Nf3 c6 4. Bf4 d5 5. e3 Be7 6. Nc3 0-0 7. Bd3 Nbd7 8. 0-0 Nh5 9. Qe2 Nxf4 10. exf4 Bf6 11. Rfd1 g6 12. Rac1 Re8 13. g3 b6 14. Ne5 Bb7 15. h4 Bg7 16. h5 dxc4 17. Bxc4 Nf6 18. hxg6 hxg6 19. Ba6 Bxa6 20. Qxa6 Qc8 21. Qe2 c5 22. dxc5 bxc5 23. Na4 Rd8 24. Nxc5 Rxd1+ 25. Qxd1 Nd5 26. a3 Qd8 27. Ne4 Qb8 28. Qd4 Qb3 29. Nc5 Qb5 30. Ncd3 a5 31. Rc5 Qb3 32. Rc1 Qb7 33. Qc4 Rf8 34. b4 axb4 35. axb4 Bxe5 36. fxe5 Rb8 37. Qe4 Nxb4 38. Qxb7 Rxb7 39. Rb1 Nxd3 40. Rxb7 Nxe5 41. Kg2 Kg7 42. Rb5 Nd7 43. Kf3 Nf6 44. Ke3 Nd5+ 45. Kd4 Kf6 46. Rb7 Ne7 47. Kc5 g5 48. Kd6 Nd5 49. Kd7 Kg7 50. Rb5 Nf6+ 51. Ke7 Nd5+ 52. Kd6 Kf6 53. Rb1 Nc3 54. Re1 Nd5 55. Kd7 Kg7 56. Kd6 Kf6 57. Rh1 Kg7 58. Ke5 Nf6 59. f3 Nd7+ 60. Kd4 Nf6 61. g4 Nd5 62. Rh5 Kf6 63. Ke4 1/2-1/2

[Event "ISR-chT"]
[Site "Israel"]
[Date "2019.02.09"]
[Round "4.4"]
[White "Kantarji, Pinchas"]
[Black "Zanan, Evgeny"]
[Result "1/2-1/2"]
[WhiteElo "2445"]
[BlackElo "2528"]
[PlyCount "81"]
[EventDate "2019.01.04"]
[EventType "team-tourn"]
[EventRounds "11"]
[EventCountry "ISR"]
[SourceTitle "CBM 188 Extra"]
[Source "ChessBase"]
[SourceDate "2019.02.26"]
[SourceVersion "1"]
[SourceVersionDate "2019.02.26"]
[SourceQuality "1"]
[WhiteTeam "Petah Tikva Elitzur Dov"]
[BlackTeam "Rishon Le Zion Feldklein"]
[WhiteTeamCountry "ISR"]
[BlackTeamCountry "ISR"]

1. d4 Nf6 2. Nf3 g6 3. g3 Bg7 4. Bg2 0-0 5. 0-0 d6 6. Nc3 Nbd7 7. e4 e5 8. Re1 c6 9. h3 Re8 10. a4 exd4 11. Nxd4 a5 12. Nb3 Qc7 13. Rb1 Ne5 14. Be3 Nc4 15. Bd4 Bd7 16. f4 Rad8 17. Qf3 b5 18. axb5 cxb5 19. Qf2 Bc6 20. Bxf6 Bxf6 21. Nd4 Bxd4 22. Qxd4 Rc8 23. Nd1 Bb7 24. Nf2 Qc5 25. Qxc5 dxc5 26. e5 Bxg2 27. Kxg2 Red8 28. Re2 b4 29. Ne4 Rd4 30. Ra1 Rcd8 31. c3 Rd3 32. Nxc5 Rd2 33. Rxd2 Rxd2+ 34. Kf3 Rxb2 35. cxb4 Rxb4 36. Nd3 Rb3 37. Ke4 Na3 38. g4 a4 39. Nc5 Rxh3 40. Nxa4 Nc4 41. Nc5 1/2-1/2

[Event "ISR-chT"]
[Site "Israel"]
[Date "2018.03.02"]
[Round "11.4"]
[White "Zoler, Dan"]
[Black "Kantarji, Pinchas"]
[Result "0-1"]
[WhiteElo "2506"]
[BlackElo "2449"]
[PlyCount "128"]
[EventDate "2018.01.05"]
[EventType "team-tourn"]
[EventRounds "11"]
[EventCountry "ISR"]
[SourceTitle "EXT 2019"]
[Source "ChessBase"]
[SourceDate "2018.10.10"]
[SourceVersion "1"]
[SourceVersionDate "2018.10.10"]
[SourceQuality "1"]
[WhiteTeam "Herzliya"]
[BlackTeam "Petah Tikva Elitzur Dov"]
[WhiteTeamCountry "ISR"]
[BlackTeamCountry "ISR"]

1. d4 d5 2. c4 e6 3. Nf3 Nf6 4. Nc3 Be7 5. Bf4 0-0 6. e3 b6 7. Qc2 Bb7 8. Rd1 Nbd7 9. Be2 Nh5 10. Bg3 Nxg3 11. hxg3 g6 12. cxd5 exd5 13. Qb3 c6 14. g4 Bf6 15. g3 Re8 16. 0-0 Qe7 17. Ne1 Qd6 18. Ng2 Nf8 19. f4 h6 20. Kf2 Bg7 21. Bf3 Rad8 22. Rd2 Qb8 23. Rc1 Nh7 24. Qd1 Nf6 25. b4 b5 26. Ne1 a5 27. bxa5 Qa7 28. a4 b4 29. Na2 Bf8 30. Nd3 Qxa5 31. Nc5 Bc8 32. Rb2 Nd7 33. Nxd7 Bxd7 34. Rcb1 c5 35. dxc5 Bxa4 36. Qf1 b3 37. Nc1 Qxc5 38. Nxb3 Qxe3+ 39. Kg2 Bg7 40. Re2 Qc3 41. Rxe8+ Bxe8 42. Qf2 d4 43. Nd2 d3 44. Rd1 Qc2 45. Qb6 Rc8 46. Kh3 Bd7 47. Qd6 Bc6 48. Rh1 Bxf3 49. Nxf3 Qe2 50. Qd5 Rc2 51. Qa8+ Kh7 52. Kh4 Qe7+ 53. Kh3 Qd7 54. Qe4 Re2 55. Qc4 Bf6 56. Rd1 Re3 57. Nh2 h5 58. Rd2 Kg7 59. Kg2 hxg4 60. Nf1 Qb7+ 61. Kg1 Qb1 62. Kg2 Qe1 63. Rf2 Re2 64. Qc5 d2 0-1

[Event "ISR-chT"]
[Site "Israel"]
[Date "2015.03.20"]
[Round "7.2"]
[White "Kantarji, Pinchas"]
[Black "Ben Artzi, Ido"]
[Result "1/2-1/2"]
[WhiteElo "2425"]
[BlackElo "2414"]
[PlyCount "99"]
[EventDate "2015.01.09"]
[EventType "team-tourn"]
[EventRounds "11"]
[EventCountry "ISR"]
[SourceTitle "EXT 2016"]
[Source "ChessBase"]
[SourceDate "2015.10.08"]
[SourceVersion "1"]
[SourceVersionDate "2015.10.08"]
[SourceQuality "1"]
[WhiteTeam "Petah Tikva Elitzur Maarav"]
[BlackTeam "Kfar Saba Hapoel"]
[WhiteTeamCountry "ISR"]
[BlackTeamCountry "ISR"]

1. Nf3 g6 2. d4 Nf6 3. Bg5 Bg7 4. Nbd2 0-0 5. e4 d5 6. Bd3 dxe4 7. Nxe4 Nxe4 8. Bxe4 c5 9. c3 cxd4 10. Nxd4 Qb6 11. Nb3 Nc6 12. 0-0 Be6 13. Bxc6 bxc6 14. Bxe7 Rfe8 15. Bg5 Bc4 16. Re1 Rxe1+ 17. Qxe1 Bxb3 18. Be3 Qb7 19. axb3 Qxb3 20. Qc1 a5 21. Bc5 Rd8 22. g3 h5 23. h4 Rd5 24. Ba3 Qb6 25. Qc2 c5 26. Rd1 Qd8 27. Rxd5 Qxd5 28. Qa4 c4 29. Qe8+ Kh7 30. Qe3 Bh6 31. Qe7 g5 32. hxg5 Bxg5 33. Qe2 Kg6 34. Qe8 h4 35. gxh4 Bxh4 36. Qe2 Qg5+ 37. Kf1 Qf4 38. Bc5 Qc1+ 39. Qe1 Qc2 40. Bd4 Bg5 41. Qe8 Qd1+ 42. Kg2 Qg4+ 43. Kf1 Qe6 44. Qa8 Qh3+ 45. Kg1 Qg4+ 46. Kf1 Qh3+ 47. Kg1 Qg4+ 48. Kf1 Qd1+ 49. Kg2 Qg4+ 50. Kf1 1/2-1/2

[Event "EU-ch 16th"]
[Site "Jerusalem"]
[Date "2015.03.06"]
[Round "10"]
[White "Kantarji, Pinchas"]
[Black "Pantsulaia, Levan"]
[Result "1-0"]
[WhiteElo "2420"]
[BlackElo "2615"]
[PlyCount "147"]
[EventDate "2015.02.24"]
[EventType "swiss"]
[EventRounds "11"]
[EventCountry "ISR"]
[SourceTitle "CBM 166"]
[Source "ChessBase"]
[SourceDate "2015.05.11"]
[SourceVersion "1"]
[SourceVersionDate "2015.05.11"]
[SourceQuality "1"]

1. d4 Nf6 2. c4 c5 3. Nf3 cxd4 4. Nxd4 e6 5. e3 a6 6. Be2 Qc7 7. 0-0 Be7 8. b3 0-0 9. Bb2 d6 10. Nc3 Nbd7 11. Qd2 b6 12. Bf3 Bb7 13. Bxb7 Qxb7 14. Rfd1 Rfc8 15. Rac1 Ne5 16. h3 Ng6 17. Qe2 Rc7 18. Qf3 Qc8 19. Qe2 Bf8 20. Nf3 Rb8 21. Nb1 Qb7 22. Nbd2 Rbc8 23. Qd3 Be7 24. a4 Nd7 25. Qe2 Nc5 26. Rb1 Rd7 27. Bd4 Rcd8 28. Rdc1 Bf8 29. Bc3 d5 30. a5 dxc4 31. bxc4 Rd6 32. Bd4 Qc7 33. Rc2 f5 34. h4 bxa5 35. h5 Ne7 36. Be5 Nc6 37. Bxd6 Qxd6 38. Nb3 Nxb3 39. Rxb3 Qd1+ 40. Qxd1 Rxd1+ 41. Kh2 Bb4 42. Ra2 Rc1 43. Rbb2 Kf7 44. Rc2 Rd1 45. c5 e5 46. e4 Kf6 47. exf5 Kxf5 48. Rc4 Rd3 49. Re2 Rc3 50. g4+ Kf6 51. Rxc3 Bxc3 52. Re3 Bd4 53. Nxd4 exd4 54. Re1 a4 55. Kg3 a3 56. Ra1 Ke5 57. Rxa3 a5 58. g5 Ke4 59. f3+ Kf5 60. g6 hxg6 61. hxg6 Ke5 62. Kg4 Kd5 63. Kf5 Ne5 64. Rxa5 Nxf3 65. c6+ Kxc6 66. Ke4 Nd2+ 67. Kd3 Nf3 68. Rh5 Kd6 69. Ke4 Nd2+ 70. Kxd4 Ke6 71. Rh3 Kf5 72. Rd3 Nb1 73. Ke3 Kxg6 74. Rb3 1-0

[Event "EU-ch 16th"]
[Site "Jerusalem"]
[Date "2015.03.01"]
[Round "5"]
[White "Salgado Lopez, Ivan"]
[Black "Kantarji, Pinchas"]
[Result "1/2-1/2"]
[WhiteElo "2628"]
[BlackElo "2420"]
[PlyCount "193"]
[EventDate "2015.02.24"]
[EventType "swiss"]
[EventRounds "11"]
[EventCountry "ISR"]
[SourceTitle "CBM 166"]
[Source "ChessBase"]
[SourceDate "2015.05.11"]
[SourceVersion "1"]
[SourceVersionDate "2015.05.11"]
[SourceQuality "1"]

1. e4 c6 2. d4 d5 3. e5 Bf5 4. Nf3 e6 5. Be2 Nd7 6. 0-0 h6 7. Nbd2 Bh7 8. Nb3 Ne7 9. Bd2 Nf5 10. Rc1 Be7 11. c4 dxc4 12. Na5 Qb8 13. Nxc4 Nb6 14. Nxb6 axb6 15. a4 0-0 16. Qb3 Rd8 17. Bc3 Qa7 18. g3 Bg6 19. h3 Rd7 20. Ra1 Bf8 21. Bc4 Rdd8 22. Kh2 Ne7 23. Rfe1 b5 24. axb5 Qxa1 25. Rxa1 Rxa1 26. Nd2 Kh7 27. h4 Nd5 28. bxc6 bxc6 29. Bxd5 cxd5 30. Qb7 Rda8 31. Nb3 R1a7 32. Qb5 Be4 33. h5 Kg8 34. g4 Rc7 35. Kg3 Rac8 36. f3 Bc2 37. Na5 g5 38. hxg6 Bxg6 39. Nb3 h5 40. gxh5 Bxh5 41. Bb4 Bh6 42. Nc5 Kh8 43. Kf2 Rg8 44. Qf1 Rg5 45. Qa6 Rg8 46. Qa1 f6 47. exf6 Bf4 48. Bc3 Rf7 49. Nd3 Bg3+ 50. Ke3 Rxf6 51. f4 Bh2 52. Qf1 Bg1+ 53. Kd2 Rg3 54. Ne5 Be3+ 55. Kc2 Bxf4 56. Nd7 Rf5 57. Qa6 Bf7 58. Nc5 Rg6 59. Qc6 Bh6 60. Qd7 Rf2+ 61. Kb3 Bg8 62. Qd8 Rf8 63. Qh4 Rf4 64. Qh2 Rf7 65. Bd2 Kh7 66. Bxh6 Rxh6 67. Qb8 Rg7 68. Qc8 Rh3+ 69. Ka4 Rh4 70. b4 Rxd4 71. Ka5 Rh4 72. b5 Rc4 73. b6 d4 74. Kb5 Rc1 75. Qd8 Rb1+ 76. Kc6 Rg6 77. Qh4+ Kg7 78. b7 e5+ 79. Kc7 Bd5 80. Qe7+ Kh6 81. Qh4+ Kg7 82. Qe7+ Kh6 83. Qf8+ Rg7+ 84. Kd6 Bxb7 85. Ne6 Rb6+ 86. Kxe5 Rxe6+ 87. Kxe6 Kh7 88. Ke5 Bc6 89. Qf5+ Rg6 90. Kxd4 Be8 91. Ke5 Kg7 92. Qc8 Bf7 93. Qc3 Re6+ 94. Kf5+ Kg8 95. Qg3+ Rg6 96. Qxg6+ Bxg6+ 97. Kxg6 1/2-1/2

[Event "ISR-ch"]
[Site "Beersheba"]
[Date "2014.06.22"]
[Round "5"]
[White "Givon, Asaf"]
[Black "Kantarji, Pinchas"]
[Result "0-1"]
[WhiteElo "2459"]
[BlackElo "2417"]
[PlyCount "112"]
[EventDate "2014.06.17"]
[EventType "swiss"]
[EventRounds "9"]
[EventCountry "ISR"]
[SourceTitle "CBM 161 Extra"]
[Source "ChessBase"]
[SourceDate "2014.08.29"]
[SourceVersion "1"]
[SourceVersionDate "2014.08.29"]
[SourceQuality "1"]

1. e4 c6 2. d4 d5 3. Nd2 dxe4 4. Nxe4 Bf5 5. Ng3 Bg6 6. h4 h6 7. Nf3 Nd7 8. Bd3 Bxd3 9. Qxd3 Ngf6 10. Bd2 e6 11. 0-0-0 Be7 12. Qe2 0-0 13. Nf1 h5 14. Ne5 c5 15. Bg5 Qc7 16. Nxd7 Qxd7 17. dxc5 Qa4 18. Kb1 Rfc8 19. Ng3 Rxc5 20. Bxf6 Bxf6 21. Ne4 Re5 22. Nxf6+ gxf6 23. Qf3 Rc8 24. Rd2 Qb4 25. c3 Qe4+ 26. Qxe4 Rxe4 27. g3 Rec4 28. Rhd1 Kg7 29. Rd7 R8c7 30. Kc2 Kg6 31. Rxc7 Rxc7 32. Rd8 f5 33. Kd3 f6 34. Rd4 Kf7 35. c4 Ke7 36. b4 b6 37. Kc3 Rc8 38. b5 Rc5 39. Rd3 Re5 40. Re3 Rc5 41. Kb4 Rc8 42. Ra3 Rc7 43. Rd3 Rc8 44. a4 e5 45. Rd2 Ke6 46. a5 e4 47. axb6 axb6 48. Ra2 Ke5 49. Ra7 f4 50. Re7+ Kf5 51. gxf4 Rd8 52. Rc7 Rd2 53. Rc6 Rxf2 54. Rxb6 e3 55. Rb8 Rxf4 56. Kc3 Re4 0-1

[Event "ISR-ch"]
[Site "Haifa"]
[Date "2010.11.11"]
[Round "4.3"]
[White "Kantarji, Pinchas"]
[Black "Nabaty, Tamir"]
[Result "0-1"]
[WhiteElo "2363"]
[BlackElo "2529"]
[PlyCount "124"]
[EventDate "2010.11.08"]
[EventType "swiss"]
[EventRounds "9"]
[EventCountry "ISR"]
[SourceTitle "EXT 2011"]
[Source "ChessBase"]
[SourceDate "2010.11.26"]
[SourceVersion "1"]
[SourceVersionDate "2010.11.26"]
[SourceQuality "1"]

1. d4 Nf6 2. c4 e6 3. Nf3 c5 4. Nc3 cxd4 5. Nxd4 Nc6 6. e3 Bb4 7. Bd2 0-0 8. Be2 d5 9. Nxc6 bxc6 10. 0-0 Bd6 11. Qc2 Bd7 12. Rfd1 Qc7 13. h3 Rfd8 14. Rac1 Qb7 15. Be1 Rac8 16. Bf3 Bb8 17. Na4 Qc7 18. g3 c5 19. cxd5 exd5 20. Nxc5 Bxh3 21. Qa4 Qe5 22. Nd3 Qf5 23. Nf4 Bg4 24. Bxg4 Qxg4 25. Rxc8 Rxc8 26. Qa6 Bxf4 27. exf4 Re8 28. Qa4 h5 29. Bc3 Re4 30. Qb3 Re3 31. Qc2 Re2 32. Qd3 Ne4 33. Re1 Nxc3 34. Qxc3 d4 35. Qa5 Rxe1+ 36. Qxe1 Qd7 37. Qd2 d3 38. f3 Qd4+ 39. Kf1 Qd5 40. Kf2 Qc5+ 41. Kf1 Qc2 42. Ke1 f5 43. Qe3 Kf8 44. b4 Qb1+ 45. Kd2 Qc2+ 46. Ke1 Qb1+ 47. Kd2 Qxa2+ 48. Kxd3 Qb3+ 49. Ke2 Qxe3+ 50. Kxe3 Ke7 51. Kd4 Kd6 52. b5 Ke6 53. Kc5 g5 54. fxg5 f4 55. Kd4 fxg3 56. Ke3 h4 57. f4 h3 58. Kf3 g2 59. Kf2 Kf5 60. Kg1 Kxf4 61. g6 Kg3 62. g7 h2# 0-1

[Event "ISR-ch"]
[Site "Haifa"]
[Date "2010.11.10"]
[Round "3.5"]
[White "Zilberman, Yaacov"]
[Black "Kantarji, Pinchas"]
[Result "1/2-1/2"]
[WhiteElo "2481"]
[BlackElo "2363"]
[PlyCount "126"]
[EventDate "2010.11.08"]
[EventType "swiss"]
[EventRounds "9"]
[EventCountry "ISR"]
[SourceTitle "EXT 2011"]
[Source "ChessBase"]
[SourceDate "2010.11.26"]
[SourceVersion "1"]
[SourceVersionDate "2010.11.26"]
[SourceQuality "1"]

1. d4 d5 2. c4 c6 3. Nf3 Nf6 4. Nc3 g6 5. e3 Bg7 6. Bd3 0-0 7. 0-0 Nbd7 8. Bd2 dxc4 9. Bxc4 c5 10. Rc1 a6 11. a4 cxd4 12. exd4 Nb6 13. Ba2 Bf5 14. Re1 Rc8 15. Bg5 h6 16. Bh4 g5 17. Bg3 e6 18. Ne5 Nfd7 19. Nf3 Nc4 20. Qe2 Na5 21. Rcd1 Qb6 22. h4 g4 23. Ne5 Nxe5 24. Bxe5 Bxe5 25. dxe5 g3 26. Rd2 Nc4 27. Bxc4 gxf2+ 28. Qxf2 Qxf2+ 29. Kxf2 Rxc4 30. g3 Rfc8 31. Red1 Rb4 32. Rd8+ Rxd8 33. Rxd8+ Kg7 34. Rd2 Be4 35. Ke3 Bc6 36. a5 Rg4 37. Kf2 Rc4 38. Ke3 Rc5 39. Kd4 Rxa5 40. Rd1 f6 41. exf6+ Kxf6 42. g4 Ke7 43. Rf1 e5+ 44. Kc4 Bb5+ 45. Nxb5 Rxb5 46. b3 Rb6 47. Rf5 Ke6 48. Rh5 Rc6+ 49. Kd3 Kd5 50. g5 hxg5 51. Rxg5 Rb6 52. Kc3 Ke4 53. h5 Rh6 54. Rg7 Rxh5 55. Rxb7 Rh3+ 56. Kd2 Rh2+ 57. Kc3 Ke3 58. Rb6 Ra2 59. b4 a5 60. Rb5 axb4+ 61. Kxb4 Re2 62. Rxe5+ Kd2 63. Rxe2+ Kxe2 1/2-1/2

[Event "ISR-chT"]
[Site "Israel"]
[Date "2007.04.20"]
[Round "7.3"]
[White "Golod, Vitali"]
[Black "Kantarji, Pinchas"]
[Result "1-0"]
[WhiteElo "2597"]
[BlackElo "2368"]
[PlyCount "161"]
[EventDate "2007.01.11"]
[EventType "team"]
[EventRounds "11"]
[EventCountry "ISR"]
[SourceTitle "EXT 2009"]
[Source "ChessBase"]
[SourceDate "2008.11.26"]
[SourceVersion "1"]
[SourceVersionDate "2008.11.26"]
[SourceQuality "1"]
[WhiteTeam "Beer Sheva"]
[BlackTeam "Petah Tikva Elitzur"]
[WhiteTeamCountry "ISR"]
[BlackTeamCountry "ISR"]

1. d4 d5 2. c4 e6 3. Nf3 Nf6 4. Nc3 Nbd7 5. cxd5 exd5 6. Bg5 Be7 7. e3 0-0 8. Bd3 c6 9. Qc2 Re8 10. h3 h6 11. Bf4 Nf8 12. 0-0 Bd6 13. Ne5 Qe7 14. Bh2 N6d7 15. f4 f6 16. e4 fxe5 17. fxe5 Nxe5 18. dxe5 Bxe5 19. exd5 Qc5+ 20. Kh1 Bxc3 21. bxc3 Qxd5 22. Rad1 Qh5 23. Qb3+ Kh8 24. Bc4 Be6 25. Rxf8+ Rxf8 26. Bxe6 b5 27. Bg4 Qg6 28. Bd6 Rf7 29. Be5 Re7 30. Bd6 Re4 31. Qb1 Rd8 32. Bc5 Rxd1+ 33. Qxd1 Qe8 34. Qd6 Rxg4 35. hxg4 Qe1+ 36. Bg1 Qxc3 37. Qb8+ Kh7 38. Qxa7 Qg3 39. Qd4 Qh4+ 40. Bh2 Qe1+ 41. Bg1 Qh4+ 42. Bh2 Qe1+ 43. Qg1 Qe2 44. Qb1+ Kh8 45. g5 hxg5 46. Bg3 c5 47. Qc1 Qg4 48. Bf2 c4 49. a3 Kh7 50. Qe3 Kg6 51. Qe8+ Kh6 52. Kh2 Qf4+ 53. Bg3 Qg4 54. Qc6+ g6 55. Qd6 Qh5+ 56. Kg1 Qe2 57. Qd4 Kh7 58. Be5 Kh6 59. Qc3 Qd1+ 60. Kh2 Qh5+ 61. Qh3 g4 62. Bf4+ g5 63. Qxh5+ Kxh5 64. Be5 Kg6 65. Kg3 Kf5 66. Bh8 Ke4 67. Kxg4 Kd3 68. Kxg5 c3 69. g4 c2 70. Bb2 Kd2 71. Kf4 c1Q 72. Bxc1+ Kxc1 73. g5 Kb2 74. g6 Kxa3 75. g7 b4 76. g8Q b3 77. Qa8+ Kb2 78. Ke3 Kc2 79. Qc6+ Kd1 80. Qc3 b2 81. Qd2# 1-0

[Event "ISR-ch"]
[Site "Ramat Aviv"]
[Date "2004.09.28"]
[Round "8"]
[White "Kantarji, Pinchas"]
[Black "Gerzhoy, Leonid"]
[Result "0-1"]
[WhiteElo "2414"]
[BlackElo "2376"]
[PlyCount "80"]
[EventDate "2004.09.19"]
[EventType "swiss"]
[EventRounds "9"]
[EventCountry "ISR"]
[SourceTitle "CBM 102 Extra"]
[Source "ChessBase"]
[SourceDate "2004.11.03"]
[SourceVersion "1"]
[SourceVersionDate "2004.11.03"]
[SourceQuality "1"]

1. e4 c5 2. Nf3 d6 3. d4 cxd4 4. Nxd4 Nf6 5. Nc3 Nc6 6. Bc4 Qb6 7. Nxc6 bxc6 8. 0-0 g6 9. Qe2 Ng4 10. Kh1 Bg7 11. f4 0-0 12. h3 Nf6 13. Rf3 e6 14. Rb1 d5 15. Bd3 c5 16. b3 Bb7 17. e5 Nd7 18. Rf1 f6 19. Na4 Qc7 20. exf6 Nxf6 21. Qxe6+ Kh8 22. Bb2 d4 23. Qc4 Rac8 24. Rf2 Nh5 25. Nxc5 Rxf4 26. Nxb7 Rxf2 27. Nd6 Qxc4 28. bxc4 Rcf8 29. Rc1 Ng3+ 30. Kg1 Ne2+ 31. Bxe2 Rxe2 32. Nb5 Rff2 33. Bxd4 Rxg2+ 34. Kf1 Bxd4 35. Nxd4 Ref2+ 36. Ke1 Rf4 37. c3 Rg1+ 38. Kd2 Rf2+ 39. Ke3 Rxc1 40. Kxf2 Rxc3 0-1

[Event "ISR-ch"]
[Site "Ramat Aviv"]
[Date "2004.09.20"]
[Round "2"]
[White "Kantarji, Pinchas"]
[Black "Bykhovsky, Anatoly"]
[Result "1/2-1/2"]
[WhiteElo "2414"]
[BlackElo "2209"]
[PlyCount "91"]
[EventDate "2004.09.19"]
[EventType "swiss"]
[EventRounds "9"]
[EventCountry "ISR"]
[SourceTitle "CBM 102 Extra"]
[Source "ChessBase"]
[SourceDate "2004.11.03"]
[SourceVersion "1"]
[SourceVersionDate "2004.11.03"]
[SourceQuality "1"]

1. e4 c5 2. Nf3 Nc6 3. d4 cxd4 4. Nxd4 Nf6 5. Nc3 e5 6. Ndb5 d6 7. Bg5 a6 8. Na3 b5 9. Bxf6 gxf6 10. Nd5 f5 11. exf5 Bxf5 12. c3 Bg7 13. Nc2 0-0 14. Nce3 Be6 15. Bd3 f5 16. Qh5 e4 17. Bc2 Ne7 18. Rd1 Nxd5 19. Nxd5 b4 20. Nxb4 a5 21. Nd5 Rb8 22. Bb3 a4 23. Nf4 Bxb3 24. axb3 Rxb3 25. Qe2 Qc8 26. 0-0 Be5 27. Nd5 Kh8 28. f3 exf3 29. Rxf3 Qe8 30. Qf2 Qh5 31. g3 Rxb2 32. Qxb2 Qxf3 33. Qd2 f4 34. Rf1 Qxf1+ 35. Kxf1 fxg3+ 36. Ke1 gxh2 37. Qh6 Rg8 38. Nf6 h1Q+ 39. Qxh1 Bxc3+ 40. Ke2 Bxf6 41. Qc6 a3 42. Qxd6 Bb2 43. Qd5 Re8+ 44. Kd3 Re5 45. Qf7 Rg5 46. Kc2 1/2-1/2

[Event "Tel Aviv Before Thunder Storm"]
[Site "Tel Aviv"]
[Date "2002.10.29"]
[Round "10"]
[White "Gutzeit, Avraham"]
[Black "Kantarji, Pinchas"]
[Result "0-1"]
[WhiteElo "2152"]
[BlackElo "2304"]
[PlyCount "156"]
[EventDate "2002.10.20"]
[EventType "tourn"]
[EventRounds "11"]
[EventCountry "ISR"]
[EventCategory "2"]
[SourceTitle "EXT 2003"]
[Source "ChessBase"]
[SourceDate "2002.11.25"]
[SourceVersion "1"]
[SourceVersionDate "2002.11.25"]
[SourceQuality "1"]

1. e4 c6 2. c4 d5 3. cxd5 cxd5 4. exd5 Nf6 5. Nc3 Nxd5 6. Bb5+ Nc6 7. Nf3 e6 8. 0-0 Be7 9. Ne5 Qd6 10. d4 0-0 11. Ne4 Qc7 12. Bxc6 bxc6 13. Bd2 Qb6 14. Qa4 Qb5 15. Qc2 Nb4 16. Bxb4 Bxb4 17. Qxc6 Rb8 18. Rfc1 Qe2 19. Rc2 Qh5 20. Nc5 Bxc5 21. Qxc5 Bb7 22. Qe7 Be4 23. Rc3 Rbe8 24. Qa3 Rd8 25. Qc5 Qe2 26. Re3 Qxb2 27. Rd1 Bd5 28. Rg3 Rc8 29. Qe7 Qd2 30. Rd3 Qxa2 31. Rg3 Qd2 32. Rd3 Qe2 33. h3 Be4 34. R3d2 Qa6 35. Qh4 Bc2 36. Rc1 Bf5 37. Re1 Qa5 38. Rde2 Rc2 39. Re3 h6 40. Rf1 Qd8 41. Qg3 Qxd4 42. Ng4 Bxg4 43. hxg4 Rc5 44. Ra3 a5 45. Rfa1 Qd2 46. Qf3 Rd8 47. R3a2 Rc1+ 48. Kh2 Qd6+ 49. g3 Rxa1 50. Rxa1 Qd5 51. Qc3 Ra8 52. Ra4 Qb5 53. Qd4 Rc8 54. Ra1 Qc5 55. Qf4 Qb4 56. Qf3 a4 57. Kg2 Qb3 58. Qe2 a3 59. Qa6 Qd5+ 60. Kg1 Ra8 61. Qb6 a2 62. Qb2 g6 63. Kh2 Qc4 64. Qb7 Qd5 65. Qb2 e5 66. Qc2 Kh7 67. Qc7 Qe6 68. Qb7 Ra4 69. Qb2 Qd5 70. Qc2 Ra3 71. Qb2 Ra5 72. Qc2 e4 73. Qe2 Qb7 74. Qd2 Ra8 75. Qd4 Qb1 76. Qf6 Ra7 77. Qd4 Rb7 78. Qf6 Qb2 0-1

[Event "Tel Aviv Before Thunder Storm"]
[Site "Tel Aviv"]
[Date "2002.10.20"]
[Round "1"]
[White "Kantarji, Pinchas"]
[Black "Gershkowich, David"]
[Result "1-0"]
[WhiteElo "2304"]
[BlackElo "2216"]
[PlyCount "77"]
[EventDate "2002.10.20"]
[EventType "tourn"]
[EventRounds "11"]
[EventCountry "ISR"]
[EventCategory "2"]
[SourceTitle "EXT 2003"]
[Source "ChessBase"]
[SourceDate "2002.11.25"]
[SourceVersion "1"]
[SourceVersionDate "2002.11.25"]
[SourceQuality "1"]

1. d4 Nf6 2. c4 e6 3. Nf3 c5 4. Nc3 d5 5. cxd5 Nxd5 6. e4 Nxc3 7. bxc3 cxd4 8. cxd4 Nc6 9. Bc4 b5 10. Be2 Bb4+ 11. Bd2 Bxd2+ 12. Qxd2 a6 13. 0-0 0-0 14. d5 exd5 15. exd5 Ne7 16. d6 Nf5 17. Rfd1 Ra7 18. g4 Nh4 19. Qd4 Rd7 20. Ne5 Bb7 21. Nxd7 Qxd7 22. Rd3 Qc6 23. f3 f5 24. d7 Rd8 25. Rad1 Qh6 26. Re3 Bc6 27. Re8+ Rxe8 28. d8Q Rxd8 29. Qxd8+ Kf7 30. Qc7+ Kf8 31. Rd8+ Be8 32. Qc5+ Kf7 33. Rd6 Qg5 34. Bd1 Qe7 35. Qd5+ Kf8 36. Re6 Qa7+ 37. Kf1 Qc7 38. Bb3 Qd7 39. Qc5+ 1-0

[Event "ISR-ch"]
[Site "Ramat Aviv"]
[Date "1998.11.08"]
[Round "1.1"]
[White "Kantarji, Pinchas"]
[Black "Tyomkin, Dimitri"]
[Result "0-1"]
[WhiteElo "2240"]
[BlackElo "2465"]
[PlyCount "46"]
[EventDate "1998.11.08"]
[EventType "k.o."]
[EventRounds "5"]
[EventCountry "ISR"]
[SourceTitle "CBM 068"]
[Source "ChessBase"]
[SourceDate "1999.02.01"]
[SourceVersion "1"]
[SourceVersionDate "1999.02.01"]
[SourceQuality "1"]

1. d4 d5 2. Nf3 c6 3. e3 Bg4 4. Be2 Nf6 5. 0-0 e6 6. b3 Nbd7 7. c4 Bd6 8. Ba3 Bxa3 9. Nxa3 0-0 10. h3 Bh5 11. Nd2 Bg6 12. b4 a5 13. b5 c5 14. cxd5 Nxd5 15. Bf3 Qe7 16. Bxd5 exd5 17. dxc5 Qxc5 18. Qb3 Qb4 19. Rad1 Nc5 20. Qxb4 axb4 21. Nab1 Bd3 22. Rfe1 Bc2 23. Rc1 Rxa2 0-1